Movies Quiz

Random Movies or Numbers Quiz

Hollywood Hair Quiz Stats

 Plays Quiz Updated Oct 1, 2018

Also try: Hair in Television
Challenge
Share
Tweet
Score 0/25 Timer 07:00
6 Plays Today
Number(Year) Character % Correct
3
(1939)
Dorothy Gale
94%
2
(1990)
Edward Scissorhands
93.2%
1
(1998)
Mary (Jensen) Matthews
85.2%
8
(1994)
Ace Ventura
85%
23
(1977)
Princess Leia Organa
83.7%
6
(2001)
Gandalf
79.2%
17
(1961)
Cruella De Vil
73.9%
9
(1991)
Wednesday Addams
73.3%
18
(1988)
Beetlejuice
68.8%
20
(1997)
Austin Powers
68.6%
7
(2007)
Tracy Turnblad
65.5%
13
(1964)
Mary Poppins
64.8%
19
(2002)
Samara Morgan
58.5%
Number(Year) Character % Correct
11
(2007)
Queen Elizabeth I
55.6%
4
(1998)
Jeffrey Lebowski - The Dude
54.3%
14
(1994)
Jules Winnfield
54.1%
5
(1935)
The Bride of Frankenstein
52.9%
12
(1982)
John J. Rambo
38.1%
24
(1991)
Rufio
36.4%
10
(1985)
John Bender
34%
16
(1997)
Cameron Poe
30.6%
22
(1986)
Jareth the Goblin King
24.6%
15
(1987)
Alex Forrest
21.7%
25
(1999)
Marla Singer
18%
21
(2004)
Clementine Kruczynski
16.1%

You're not logged in!

Compare scores with friends on all Sporcle quizzes.
OR
Log In

You Might Also Like...

Show Comments

Extras

Top Quizzes Today


Score Distribution

Your Account Isn't Verified!

In order to create a playlist on Sporcle, you need to verify the email address you used during registration. Go to your Sporcle Settings to finish the process.

Report this User

Report this user for behavior that violates our Community Guidelines.

Details: